Countries on the Globe #1 - Statistics

General Stats
  • This quiz has been taken 70 times
  • The average score is 11 of 12
Answer Stats
Picture Answer % Correct
Nepal
97%
Paraguay
95%
Austria
94%
Ethiopia
91%
Guatemala
89%
Serbia
89%
Mali
88%
Syria
88%
Bahamas
85%
Uzbekistan
83%
Ghana
82%
Solomon Islands
77%
No matching quizzes found
Score Distribution
Percent of People with Each Score
Percentile by Number Answered
Your Score History
You have not taken this quiz